| 000 | 02320aam a2200613 4500 | ||
|---|---|---|---|
| 005 | 20250717105441.0 | ||
| 008 | 150309b2012 xxu||||| |||| 00| 0 spa d | ||
| 020 | _a9786073209403 | ||
| 041 | _aESP | ||
| 082 | _a658.408 R244r | ||
| 100 |
_aRaufflet, Emmanuel _921529 |
||
| 100 |
_aLozano Aguilar, José Félix _921530 |
||
| 245 | _aResponsabilidad social empresarial | ||
| 260 | _aMéxico | ||
| 260 | _bPearson Educación | ||
| 260 | _c2012 | ||
| 300 | _a346 páginas | ||
| 490 | _aDirección y Administración de Empresas | ||
| 505 | _aParte I. Fundamentos de la RSE y su relación con la empresa. Parte II. Casos de estudio | ||
| 650 | _aRESPONSABILIDAD SOCIAL DE LA GERENCIA | ||
| 650 | _aRESPONSABILIDAD SOCIAL EMPRESARIAL (RSE) | ||
| 650 | _aÉTICA DE LA EMPRESA | ||
| 650 | _aÉTICA EN LA GESTIÓN DE LAS ORGANIZACIONES | ||
| 650 | _aFILOSOFÍA DE LA EMPRESA | ||
| 650 | _aGESTIÓN DE LA RESPONSABILIDAD SOCIAL | ||
| 650 | _aDESARROLLO SUSTENTABLE | ||
| 650 | _aDESARROLLO HUMANO | ||
| 650 | _aGRUPO DE INTERES | ||
| 650 | _aRECURSOS HUMANOS | ||
| 650 | _aMARKETING | ||
| 650 | _aLOGÍSTICA | ||
| 650 | _aALIANZA ESTRATÉGICA | ||
| 650 | _aORGANIZACIONES | ||
| 650 | _aADMINISTRACIÓN DE EMPRESAS | ||
| 650 | _aPERSPECTIVAS SOBRE LAS RSE | ||
| 650 | _aINSTRUMENTOS DE GESTIÓN | ||
| 650 | _aDESARROLLO HUMANO | ||
| 650 | _aDESARROLLO SOSTENIBLE | ||
| 650 | _aRESPONSABILIDAD CORPORATIVA | ||
| 650 | _aALIANZAS ESTRATÉGICAS | ||
| 650 | _aPYMES | ||
| 650 | _aCASO 1: BENDICIONES PARADÓJICAS DE UNA EMPRESA EN SU ENTORNO LOCAL | ||
| 650 | _aCASO 2: ILEGALIDAD O INSEGURIDAD: DILEMA PARA LAS TIENDAS DE CONVIVENCIA EN MONTERREY | ||
| 650 | _aCASO 3: FONDO DE SOLIDARIDAD Y GILDAN ACTIVEWEAR | ||
| 650 | _aCASO 4: PROGRAMA ORO VERDE | ||
| 650 | _aCASO 5: BEST BUDDIES- ALKOSTO: DEL MARKETING A LA RSE | ||
| 650 | _aCASO 6: CASO CERRADO MIRANDA | ||
| 650 | _aCASO 7: ALIAR, S.A | ||
| 650 | _aCASO 8: UN DILEMA DE RESPONSABILIDAD | ||
| 650 | _aCASO 9: RSE ESTRATÉGICA EN EL CONTEXTO DE BRASIL. PROYECTO ECOELCE | ||
| 650 | _aCASO 10: TEXTILES MÓNICA URQUIJO: TEJIENDO REDES HUMANAS | ||
| 650 | _aCASO 11: CONSTRUMEX: FACILITANDO INVERSIONES REMOTAS DE VIVIENDA PARA MIGRANTES MEXICANOS ESTABLECIDOS EN ESTADOS UNIDOS | ||
| 942 |
_cBK _2ddc |
||
| 999 |
_c883 _d883 |
||